Messi vs Ronaldo. Meilleur buteur par année depuis 2004 - Statistiques

Statistiques générales
  • Ce quiz a été pris 696 fois
    353 depuis la dernière actualisation
  • Le résultat moyen est 13 sur 19
Statistiques - réponses
Question Réponse % Correct
2004 Ronaldo
95%
2012 Messi
93%
2005 Ronaldo
93%
2010 Messi
91%
2008 Ronaldo
89%
2009 Messi
84%
2006 Ronaldo
84%
2007 Ronaldo
84%
2019 Messi
82%
2014 Ronaldo
80%
2013 Ronaldo
75%
2018 Messi
57%
2022 Messi
50%
2020 Ronaldo
50%
2017 Messi
43%
2015 Ronaldo
43%
2016 Messi
36%
2021 Ronaldo
34%
2011 Ronaldo
20%
Aucun quiz correspondant
Distribution des résultats
% des personnes avec chaque résultat
Percentile par nombre de réponses
Votre historique - résultats
Vous n’avez pas pris ce quiz depuis la dernière actualisation